Fr. Conceicao Rodrigues College of Engineering

Super conductivity superfluids and condensates (Record no. 30216)

MARC details
000 -LEADER
fixed length control field 00369nam a2200157Ia 4500
082 ## - DEWEY DECIMAL CLASSIFICATION NUMBER
Classification number 537.623/ANN
Item number ANN
100 ## - MAIN ENTRY--PERSONAL NAME
Personal name Annett/James F
245 ## - TITLE STATEMENT
Title Super conductivity superfluids and condensates
260 ## - PUBLICATION, DISTRIBUTION, ETC.
Name of publisher, distributor, etc. Oxford
Place of publication, distribution, etc. New Delhi
Date of publication, distribution, etc. 2005
366 ## - TRADE AVAILABILITY INFORMATION
Publishers's discount category 20
300 ## - PHYSICAL DESCRIPTION
Extent 186
546 ## - LANGUAGE NOTE
Language note ENGLISH
650 ## - SUBJECT ADDED ENTRY--TOPICAL TERM
Topical term or geographic name entry element Conductivity
654 ## - SUBJECT ADDED ENTRY--FACETED TOPICAL TERMS
Focus term super conductivity
942 ## - ADDED ENTRY ELEMENTS (KOHA)
Koha item type BOOK
Holdings
Withdrawn status Lost status Damaged status Not for loan Collection Home library Current library Date acquired Source of acquisition Cost, normal purchase price Inventory number Total Checkouts Full call number Barcode Date last seen Cost, replacement price Price effective from Koha item type
        CRC Fr. Agnel's C.Rodrigues College of Engineering Fr. Agnel's C.Rodrigues College of Engineering 17/03/2023 Ane Books India 476.00 355   537.623/ANN ANN 18694 17/03/2023 595.00   BOOK